000 01397cab a2200241 4500
001 X95723
008 090401t1998 xxu||||| |||| 00| 0 eng d
035 _a(Sirsi) u90360
041 _aeng
245 _aWildtree Hotels Ltd and others v Harrow LBC
260 _c1998
350 _a0
490 _aWeekly Law Reports
_v[1998] 3 WLR 1318-1352(35)
520 _aCA 19-20 March; 11 June. The Hotel owners` claim for compensation under the Compulsory Purchase Act 1965 s10, due to a five year road construction project, had been rejected by the Lands Tribunal. The LT held that claims under s10 were not sustainable if no physical damage is caused to the land itself. The plaintiffs appealed on a reference by way of case stated by the LT that they erred on points of law in making their decision. The local authority cross-appealed against the findings of the LT that compensation was payable where interference was temporary and after such interference the value of the land was no longer affected. Held, appeal dismissed, cross-appeal allowed.
650 _aCOMPULSORY PURCHASE ACT 1965 S10
650 _aLANDS TRIBUNAL
650 _aNUISANCE
650 _aROAD CONSTRUCTION
650 _aWILDTREE HOTELS LTD AND OTHERS V HARROW LBC
690 _aENVIRONMENTAL AND LAND CONSULTANCY-PLANNING AND DEVELOPMENT-COMPULSORY PURCHASE AND COMPENSATION
942 _n0
948 _c17/12/1998
999 _c57287
_d57287